00357nam a2200145Ia 4500008004100000020001500041041001200056082001600068100001800084245005200102250000800154260002500162300000800187650001600195221030s9999 xx 000 0 und d a0074630006 aEnglish a105.23bCha aS. J. Chapman 0aIntroduction to Fortran 90/95cby S. J. Chapman a1st bTMHaNew Delhic1999 a555 aBE Computer